Návrh opatrení v oblasti riadenia zásob a skladového hospodárstva v podniku INGSTEEL, spol. s r.o.

Saved in:
Bibliographic Details
Main Author: Pekarovičová, Martina (Author)
Other Authors: Fidlerová, Helena (Thesis advisor)
Format: Manuscript Book
Language:Slovak
Published: 2016
Subjects:
Online Access:http://is.stuba.sk/zp/portal_zp.pl?podrobnosti=129024
Tags: Add Tag
No Tags, Be the first to tag this record!

MARC

LEADER 00000ntm a22000003a 4500
001 stuzp56011
003 SK-STU
005 20160719154859.3
007 ta
008 150427s2015----xo-----f-mn---000-0-slo-d
040 |a STU  |b slo 
041 0 |a slo 
100 1 |a Pekarovičová, Martina  |u 064000  |4 aut  |U MTF Materiálovotechnologická fakulta  |T MTF Ústav priemyselného inžinierstva a manažmentu  |X 71697  |U M4000  |Y 84  |7 71697 
242 0 1 |a Proposition of proceedings in field of inventory management and warehouse management in company INGSTEEL, Ltd.  |y eng 
245 1 0 |a Návrh opatrení v oblasti riadenia zásob a skladového hospodárstva v podniku INGSTEEL, spol. s r.o. 
260 |c 2016 
650 4 |a rozpracovanosť zákazky  |2 slo 
650 4 |a riadenie zásob  |2 slo 
650 4 |a výrobný proces  |2 slo 
650 4 |a logistické procesy  |2 slo 
650 4 |a prípadová štúdia  |2 slo 
650 4 |a skladovanie  |2 slo 
650 4 |a work in progress  |2 eng 
650 4 |a inventory management  |2 eng 
650 4 |a manufacturing process  |2 eng 
650 4 |a storage  |2 eng 
650 4 |a logistics processes  |2 eng 
650 4 |a case study  |2 eng 
700 1 |a Fidlerová, Helena  |u 064000  |k Z2  |4 ths  |U MTF Materiálovotechnologická fakulta  |T MTF Ústav priemyselného inžinierstva a manažmentu  |X 3662  |U M4000  |Y 84  |7 A000003662 
856 4 |u http://is.stuba.sk/zp/portal_zp.pl?podrobnosti=129024 
996 |c M* BP-7875  |l MMSKP  |s P  |a 0  |w stuzp56011_0001 
SQL |a stuzp56011  |b DBP  |c SLO  |d Návrh opatrení v oblasti riadenia zásob a skladového hospodárstva v podniku INGSTEEL, spol. s r.o.  |e 71697  |f Pekarovičová, Martina  |g 064000  |h 3662  |i Fidlerová, Helena  |j 20160620  |k 175  |l 06  |m http://is.stuba.sk/zp/portal_zp.pl?podrobnosti=129024  |n B-PMA  |o 5.2.52. priemyselné inžinierstvo